Tribology in Machine Design / (Record no. 6351)

MARC details
000 -LEADER
fixed length control field 00968nac a22002171u 4500
008 - FIXED-LENGTH DATA ELEMENTS--GENERAL INFORMATION
fixed length control field 090624t xxu||||| |||| 00| 0 eng d
010 ## - LIBRARY OF CONGRESS CONTROL NUMBER
LC control number 91123588
020 ## - INTERNATIONAL STANDARD BOOK NUMBER
International Standard Book Number 0434918261
020 ## - INTERNATIONAL STANDARD BOOK NUMBER
International Standard Book Number 0750636238
082 00 - DEWEY DECIMAL CLASSIFICATION NUMBER
Classification number 621.89
Item number STO
100 ## - MAIN ENTRY--PERSONAL NAME
Personal name Stolarski, T. A.
9 (RLIN) 6862
245 10 - TITLE STATEMENT
Title Tribology in Machine Design /
Statement of responsibility, etc T.A. Stolarski.
260 ## - PUBLICATION, DISTRIBUTION, ETC. (IMPRINT)
Place of publication, distribution, etc Oxford :
Name of publisher, distributor, etc Heinemann Newnes,
Date of publication, distribution, etc c1990.
300 ## - PHYSICAL DESCRIPTION
Extent xii, 298 p. :
Other physical details ill. ;
Dimensions 26 cm.
504 ## - BIBLIOGRAPHY, ETC. NOTE
Bibliography, etc Includes bibliographical references and index.
650 #0 - SUBJECT ADDED ENTRY--TOPICAL TERM
Topical term or geographic name as entry element Machine design.
9 (RLIN) 6863
650 #0 - SUBJECT ADDED ENTRY--TOPICAL TERM
Topical term or geographic name as entry element Tribology.
9 (RLIN) 6864
942 ## - ADDED ENTRY ELEMENTS (KOHA)
Item type Book - Borrowing
Call number prefix 621.89 STO
Source of classification or shelving scheme Dewey Decimal Classification
Holdings
Withdrawn status Item status Source of classification or shelving scheme Damaged status Not for loan Vendor Home library Current library Shelving location Date acquired Source of acquisition Total Checkouts Total Renewals Full call number Barcode Date last seen Date last borrowed Koha item type Cost, normal purchase price
    Dewey Decimal Classification     Alahram Central Library Central Library First floor 24/06/2009   5 7 621.89 STO 000007899 15/07/2025 14/10/2024 Book - Borrowing  
    Dewey Decimal Classification     Alef-Baa Central Library Central Library First floor 24/06/2009   4 35 621.89 STO 000016908 15/07/2025 16/11/2015 Book - Borrowing 150.00